000 01001nam a22002657a 4500
001 BD-DhSAU 9278
003 BD-DhSAU
005 20260223121230.0
008 150613b2018 bg a|||| m||| 00| 0 eng d
040 _aBD-DhSAU
082 _222
_a631.521
_bR351
100 _aAHMED, RIAZ
_eRegistration # 22010175
245 _aSeed health status of selected forest tree species in bangladesh /
_bMS thesis
260 _aSher-e-Bangla Agricultural University :
_bDepartment of Seed Technology,
_c2024.
300 _axi, 76p. :
_bill. ;
_c30 cm.
500 _aMS thesis of Department of Seed Technology, Faculty of Seed Technology , Sher-e-Bangla Agricultural University, Dhaka, Bangladesh
504 _aIncludes bibliographical reference.
590 _aNazmul
650 _aseed health status
650 _aforest tree species in bangladesh
700 _aProf. Abu Noman Faruq Ahmmed
_eSuperviser
700 _aProf. Dr. Md. Rafiqul Islam
_eCo-superviser
942 _2ddc
_cTHESIS
999 _c18302
_d18301